000 01267nam a2200313 i 4500
003 EG-GICUC
005 20260121101358.0
008 251128s2000 ua d|||fr|||| 00| 0 ara d
017 _a٢٠٠٠/١١٥٧٩
040 _a EG-GICUC
_bara
_c EG-GICUC
_d EG-GICUC
_erda
041 0 _aara
082 0 4 _221
_a345.2
_bس ع . ج
092 0 4 _221
099 _aLaw1 07 345.2 س ع . ج 2000
100 0 _aسعيد محمد الشيمي
_eمؤلف.
245 1 2 _aالجودة الشاملة فى ثقافة مديري شركات قطاع الأعمال العام /
_cسعيد محمد الشيمي.
264 1 _aالقاهرة :
_bمركز دراسات واستشارات الإدارة العامة،
_c2000.
300 _a127 صفحة :
_bإيضاحيات؛
_c24 سم.
336 _2rda content
_atext
337 _2rda media
_aComputer
338 _2rda carrier
_aOnline Resource
490 _aقضايا إدارية
_vالعدد الخامس
546 _aالنص أغلبه باللغة العربية مع بعض النصوص الإنجليزية
650 1 4 _aالتنظيم الإداري
650 1 4 _aالقانون الإداري
856 4 0 _uhttps://fll.law.cu.edu.eg/fulltext/bks/B07-01267.pdf
905 _a32
_eYara
942 _2ddc
_cBK
_e21
_n0
999 _c46853
_d46853